Catálogo

Nican Mopohua / (Registro nro. 52822)

Detalles MARC
000 -LEADER
fixed length control field 01084cam a2200301 i 4500
001 - CONTROL NUMBER
control field 52822
003 - CONTROL NUMBER IDENTIFIER
control field Mx-PuUPA
005 - DATE AND TIME OF LATEST TRANSACTION
control field 20241119154732.0
008 - FIXED-LENGTH DATA ELEMENTS--GENERAL INFORMATION
fixed length control field 140415s2000 mx a fr 000 0 mul d
040 ## - CATALOGING SOURCE
Original cataloging agency Mx-PuUPA
Language of cataloging spa
Transcribing agency Mx-PuUPA
Modifying agency Mx-PuUPA
Description conventions rda
041 0# - LANGUAGE CODE
Language code of text/sound track or separate title spa
-- nah
100 1# - MAIN ENTRY--PERSONAL NAME
Personal name Valeriano, Antonio,
Dates associated with a name approximately 1520-1605
Relator term autor
9 (RLIN) 308
245 10 - TITLE STATEMENT
Title Nican Mopohua /
Statement of responsibility, etc. Antonio Valeriano ; traducción del náhuatl al castellano
250 ## - EDITION STATEMENT
Edition statement 1a. edición
264 #1 - PRODUCTION, PUBLICATION, DISTRIBUTION, MANUFACTURE, AND COPYRIGHT NOTICE
Place of production, publication, distribution, manufacture México :
Name of producer, publisher, distributor, manufacturer Centro de Estudios Guadalupanos,
Date of production, publication, distribution, manufacture, or copyright notice 1978
300 ## - PHYSICAL DESCRIPTION
Extent 48 páginas ;
Dimensions 24 cm
336 ## - CONTENT TYPE
Fuente rdacontent
Content type term texto
Content type code txt
337 ## - MEDIA TYPE
Source rdamedia
Media type term sin media
Media type code n
338 ## - CARRIER TYPE
Source rdacarrier
Carrier type term volumen
Carrier type code nc
600 04 - SUBJECT ADDED ENTRY--PERSONAL NAME
Personal name Virgen de Guadalupe
General subdivision Apariciones y milagros
600 04 - SUBJECT ADDED ENTRY--PERSONAL NAME
Personal name Virgen
General subdivision Culto
-- Historia
650 #7 - SUBJECT ADDED ENTRY--TOPICAL TERM
Topical term or geographic name entry element Catolicismo
Geographic subdivision México
General subdivision Historia
Source of heading or term armarc
700 1# - ADDED ENTRY--PERSONAL NAME
Personal name Rojas Sánchez, Mario,
Relator term traductor
9 (RLIN) 10764
942 ## - ADDED ENTRY ELEMENTS (KOHA)
Source of classification or shelving scheme Dewey Decimal Classification
Koha item type Libro
Classification part 232.917
Item part V135
Existencias
Withdrawn status Lost status Source of classification or shelving scheme Damaged status Not for loan Collection code Home library Current library Shelving location Date acquired Source of acquisition Total Checkouts Full call number Barcode Date last seen Price effective from Koha item type Date last checked out Copy number
    Dewey Decimal Classification     General Biblioteca Karol Wojtyla Biblioteca Karol Wojtyla Sala general 03/12/2013 Compra   232.917 VAL 1978 78420 05/01/2026 15/04/2015 Libro 10/03/2016  
    Dewey Decimal Classification     General Centro de Estudios Guadalupanos Centro de Estudios Guadalupanos Sala general 15/04/2015 Compra   232.917 V135 1978 93703 05/01/2026 15/04/2015 Libro    
    Dewey Decimal Classification     General Centro de Estudios Guadalupanos Centro de Estudios Guadalupanos Sala general 03/12/2013 Compra   232.917 V135 1978 47930 05/01/2026 03/12/2013 Libro   Ej.2